000 00385nam a22001697a 4500
003 MACL
005 20160116130207.0
008 160116b xxu||||| |||| 00| 0 eng d
040 _cMACL
041 _aEnglish
082 _a340/PUN
100 _aPuna C.K
_932821
245 _aCyber Laws
260 _aNew Delhi
_bSumit Enterprises
_c2009
650 _aLaws
_932822
942 _2ddc
_cBK
999 _c52592
_d52592